Circular and Transformative Economy (Record no. 81030)

MARC details
000 -LEADER
fixed length control field 02708namaa2200469uu 4500
001 - CONTROL NUMBER
control field doab133832
003 - CONTROL NUMBER IDENTIFIER
control field oapen
005 - DATE AND TIME OF LATEST TRANSACTION
control field 20260218110431.0
006 - FIXED-LENGTH DATA ELEMENTS--ADDITIONAL MATERIAL CHARACTERISTICS
fixed length control field m o d
007 - PHYSICAL DESCRIPTION FIXED FIELD--GENERAL INFORMATION
fixed length control field cr|mn|---annan
008 - FIXED-LENGTH DATA ELEMENTS--GENERAL INFORMATION
fixed length control field 240202s2024 xx |||||o ||| 0|eng d
020 ## - INTERNATIONAL STANDARD BOOK NUMBER
International Standard Book Number 9781003327615
020 ## - INTERNATIONAL STANDARD BOOK NUMBER
International Standard Book Number 9781003327615
020 ## - INTERNATIONAL STANDARD BOOK NUMBER
International Standard Book Number 9781032356013
020 ## - INTERNATIONAL STANDARD BOOK NUMBER
International Standard Book Number 9781040000205
024 7# - OTHER STANDARD IDENTIFIER
Standard number or code 10.1201/9781003327615
Source of number or code doi
040 ## - CATALOGING SOURCE
Original cataloging agency oapen
Transcribing agency oapen
Modifying agency
041 0# - LANGUAGE CODE
Language code of text/sound track or separate title eng
042 ## - AUTHENTICATION CODE
Authentication code dc
245 00 - TITLE STATEMENT
Title Circular and Transformative Economy
Remainder of title Advances towards Sustainable Socio-economic Transformation
260 ## - PUBLICATION, DISTRIBUTION, ETC.
Name of publisher, distributor, etc. Taylor & Francis
Date of publication, distribution, etc. 2024
300 ## - PHYSICAL DESCRIPTION
Extent 1 online resource (303 p.)
336 ## - CONTENT TYPE
Content type term text
Content type code txt
Source rdacontent
337 ## - MEDIA TYPE
Media type term computer
Media type code c
Source rdamedia
338 ## - CARRIER TYPE
Carrier type term online resource
Carrier type code cr
Source rdacarrier
490 1# - SERIES STATEMENT
Series statement Africa Circular Economy Series
506 0# - RESTRICTIONS ON ACCESS NOTE
Standardized terminology for access restriction Unrestricted online access
Source of term star
520 ## - SUMMARY, ETC.
Summary, etc. The main aim of this book is to illustrate circular models for sustainable resource management. It highlights the benefits of transformative approaches in integrating, simplifying, and facilitating understanding of complex systems and transforming systems towards greater sustainability while achieving multiple social, economic, and environmental outcomes. It provides pathways towards strategic policy decisions on socio-economic transformation supported by case studies. Features: Discusses exploration of a transitional path to the circular economy, explored from the point of view of waste and technology. Explains transformational change towards sustainable socio-ecological interactions. Reviews provision of pathways towards sustainability through scenario development. Provides assessment of progress towards Sustainable Development Goals. Presents cross-sectoral and multicentric approaches towards circularity. This book is aimed at researchers and professionals in water and environmental engineering, circular economy, sustainability, and environmental studies.
540 ## - TERMS GOVERNING USE AND REPRODUCTION NOTE
Terms governing use and reproduction Creative Commons
-- https://creativecommons.org/licenses/by-nc/4.0/
-- cc
Uniform Resource Identifier <a href="https://creativecommons.org/licenses/by-nc/4.0/">https://creativecommons.org/licenses/by-nc/4.0/</a>
546 ## - LANGUAGE NOTE
Language note English
720 1# - ADDED ENTRY--UNCONTROLLED NAME
Name Nhamo, Luxon
Relator code edt
720 1# - ADDED ENTRY--UNCONTROLLED NAME
Name Liphadzi, Stanley
Relator code edt
720 1# - ADDED ENTRY--UNCONTROLLED NAME
Name Liphadzi, Stanley
Relator code oth
720 1# - ADDED ENTRY--UNCONTROLLED NAME
Name Mabhaudhi, Tafadzwanashe
Relator code edt
720 1# - ADDED ENTRY--UNCONTROLLED NAME
Name Mabhaudhi, Tafadzwanashe
Relator code oth
720 1# - ADDED ENTRY--UNCONTROLLED NAME
Name Mpandeli, Sylvester
Relator code edt
720 1# - ADDED ENTRY--UNCONTROLLED NAME
Name Mpandeli, Sylvester
Relator code oth
720 1# - ADDED ENTRY--UNCONTROLLED NAME
Name Nhamo, Luxon
Relator code oth
793 0# -
-- DOAB Library.
856 ## - ELECTRONIC LOCATION AND ACCESS
Uniform Resource Identifier <a href="https://docs.google.com/spreadsheets/d/1yKIrdCPDAG_9c22mwoOIO2DOhtj65Wqa/edit?usp=sharing&ouid=106555315294820607512&rtpof=true&sd=true ">https://docs.google.com/spreadsheets/d/1yKIrdCPDAG_9c22mwoOIO2DOhtj65Wqa/edit?usp=sharing&ouid=106555315294820607512&rtpof=true&sd=true </a>
Link text List of Curated E-Books
942 ## - ADDED ENTRY ELEMENTS (KOHA)
Koha item type E-Book
Holdings
Withdrawn status Damaged status Not for loan Home library Current library Date acquired Total Checkouts Date last seen Price effective from Koha item type
      Directory of Open Access Books Directory of Open Access Books 12/09/2024   12/09/2024 12/09/2024 E-Book

University of Rizal System
Email us at univlibservices@urs.edu.ph

Visit our Website www.urs.edu.ph/library